01367nam a2200265 i 450000100060000000300090000600500170001500700030003200800410003510000700007624502620014626000510040830000450045949000250050450501270052960000700065670000370072670000370076370000730080071000360087383000330090985200220094299900170096495201200098197796ES-MaACL20250823063053.0t|050718q1948 sp ||||1| spa d1 aEza, Luis Marichalar y Monreal, cVizconde de, d1873-194597670510aAntología de las obras del Excmo. Señor Vizconde de Eza / cprecedidas de un propósito de don Pedro Antonio Barquerizo, y un prólogo de don León Martín-Granizo, y avaloradas con estudios especiales... de Pedro Sangro y Ros de Olano ... [et al.]. aMadrid : bEscuela Social de Madrid, c[1948?] aXXXIX, 1037 p., 1 retr. autor ; c18 cm.1 aBiblioteca Eza ; v18 aContiene: El vizconde de Eza, agrarista, economista, sociólogo, político . El vizconde de Eza según sus coetáneos.14aEza, Luis Marichalar y Monreal, cVizconde de, d1873-19459767051 aBaquerizo, Pedro Antonio.9252571 aMartín-Granizo, León.9775171 aSangro y Ros de Olano, Pedro, cMarqués de Guad-el-Jelú.91031442 aEscuela Social de Madrid.935931 aBiblioteca Eza ; v19232298 aES-MaACLjB-13488 c97796d97796 00104070aATENEOMbATENEOMcSPBd2008-01-17eSCl0oB-13488p1102086r2023-02-23 00:00:00w2023-02-23yMONOGRAFIA